00545nam a2200205Ia 4500003000900000008004100009020002200050040001600072080001200088100002100100245006700121250001300188260003300201300001600234650001400250650000900264650000800273650001700281700004100298IN-BaIIA211028s9999 xx 000 0 eng d a978-1-133-11023-1 cIIA Library a52bSEE aSeeds, Micheal A 0aFoundations of astronomycMicheal A. Seeds and Dana E. Backman a12th ed. aAustraliabBrooks-Colec2013 axiii, 658p. aAstronomy aLife aSky aThe Universe aMicheal A. Seeds and Dana E. Backman